000 00861cab a22002535a 4500
001 L140773
008 071009e20071006xxkdo f s 000 0 eng d
035 _a(Sirsi) u140773
041 0 _aeng
100 1 _aPilkington, Lisa
245 0 0 _aWest Midlands
260 _c2007
490 0 _aEstates Gazette
_v(0740) 6 October 2007, 215-257(16)
520 _aReports on English Partnerships plans to develop the West Midlands; office investment and development in Coventry; changes in the retail market; the growth of shed schemes and land prices.
590 _aka
651 4 _aUnited Kingdom
_y
651 4 _aWest Midlands
690 _aPROPERTY-COMMERCIAL PROPERTY-RETAIL PROPERTY
690 _aPROPERTY-COMMERCIAL PROPERTY-COMMERCIAL PROPERTY MARKET
700 1 _aWehner, Piers
700 1 _aRobson, Claire
700 1 _aHalstead, Ian
942 _n0
999 _c79345
_d79345